000 00889nam a2200289Ia 4500
001 Para_2505
003 CHAP
008 220125s1990 xx 000 0 und d
010 _a201020
040 _cCHAP
090 _aPA FOLLETO 3021
100 _aSánchez Velez, Alejandro
_9165875
245 _aLa problemática del agua en Chapingo /
_c por Alejandro Sánchez Velez y Nicandro Medina Niño
260 _aChapingo, Méx. :
_b UACh
300 _a21 p. : Gráfs.
440 _aNuestro entorno universitario
_982124
650 _aAgua
_x Abastecimiento Agua
_x Distribución Agua
_x Utilización Pozos
_9165876
700 _aMedina Niño, Nicandro
_974004
710 _aUACh.
901 _aPA FOLLETO 3021
902 _aA
905 _a0000001990 CHA 0000000000 00
910 _a1990
942 _cPARA
942 _cPARA
_d1
999 _c201020
_d201020